000 00364 a2200109 4500
001 ART_18512
005 20260410161702.0
008 260409a
245 1 0 _aEl registro de participaciones sociales al portador de la República Oriental del Uruguay
100 1 _aFerraro, Ricardo H.
773 0 _tRevista Impuestos
_g- Nº 9 (sep. 2012)
_wREV639
999 _c15295
_d15295